• 首页
  • 本馆介绍
  • 公告通知
  • 最新文献
  • 馆藏检索
  • 电子资源
  • 读者导购
  • 参考咨询
  • 我的图书馆
  • 登录
  • 详细信息显示
  • 放入我的书架
  • 预约/预借图书
  • 作者相关作品
  • 分类相关作品
  • 丛书相关作品
  • 出版社相关作品

书目信息

  • 表格格式
  • 工作单格式
  • 卡片格式
题名:
大学生学习指南
    
 
作者: 张传燧 主编
分册:  
出版信息: 北京   北京邮电大学出版社  2020.08
页数: 257页
开本: 26cm
丛书名:
单 册:
中图分类: G642.46
科图分类:
主题词: 大学生--da xue sheng--学习方法--高等教育--教材 , 大学生--da xue sheng , 学习方法--xue xi fang fa
电子资源:
ISBN: 978-7-5635-1928-6
000 00883nam0 2200265 450
001 0109110036
005 20201109110332.0
010    @a978-7-5635-1928-6@dCNY33.00
100    @a20101022d2020 em y0chiy50 ea
101 0  @achi
102    @aCN@b110000
105    @ay z 000yy
106    @ar
200 1  @a大学生学习指南@Ada xue sheng xue xi zhi nan@f张传燧主编
210    @a北京@c北京邮电大学出版社@d2020.08
215    @a257页@d26cm
300    @a普通高等教育规划教材
330    @a本书内容包括:绪论、大学生的智力发展与学习、大学生的心理健康与学习、掌握学习的一般方法、学风与人际交往等。
606 0  @a大学生@Ada xue sheng@x学习方法@x高等教育@j教材
606 0  @a大学生@Ada xue sheng
606 0  @a学习方法@Axue xi fang fa
690    @aG642.46@v5
701  0 @a张传燧@Azhang chuan sui@4主编@f(1956~)
801  0 @aCN@bBJSZM@c20201103
905    @b1264751-5@dG642.46@e1971@f5
    
    大学生学习指南/张传燧主编.-北京:北京邮电大学出版社,2020.08
    257页;26cm
    普通高等教育规划教材
    
    ISBN 978-7-5635-1928-6:CNY33.00
    本书内容包括:绪论、大学生的智力发展与学习、大学生的心理健康与学习、掌握学习的一般方法、学风与人际交往等。
●
相关链接 在E读中查询图书 在五车中查询图书 在当当中查询图书 在豆瓣中查询图书


正题名:大学生学习指南     索取号:G642.46/1971         预约/预借

序号 登录号 条形码 馆藏地/架位号 状态 备注
1 1264751   212647518   第一样本阅览室/ [索取号:G642.46/1971] 在馆    
2 1264752   212647527   教育系资料室/ [索取号:G642.46/1971] 在馆    
3 1264753   212647536   教育系资料室/ [索取号:G642.46/1971] 在馆    
4 1264754   212647545   第四借阅区/ [索取号:G642.46/1971] 在馆    
5 1264755   212647554   第四借阅区/ [索取号:G642.46/1971] 在馆    
唐山师范学院图书馆 欢迎您!
大连网信软件有限公司© 版权所有